000 00869aam a2200301 i 4500
001 768714001
003 CO-MdFUSB
005 20250515150443.0
007 ta
008 250515t1997 sp |||| |||| 00| 0 spa d
020 _a84-293-1243-9
040 _cCO-MdFUSB
041 0 _aspa
082 0 4 _223
_a248.11
_bD811m
100 1 _aD'Souza, Anthony
_eautor
245 1 0 _aManual del líder
_c/ Anthony D'Souza
264 1 _bSal Terrae,
_aSantander, España :
_c[1997]
264 4 _c©1997
300 _a254 páginas
336 _atexto
_btxt
_2rdacontent
337 _2rdamedia
_asin mediación
_bn
338 _2rdacarrier
_avolumen
_bnc
505 0 0 _gTomo I:
_tDescubre tu liderazgo:
_gTomo II:
_tÉxito en el liderazgo
_gTomo III:
_tEl liderazgo efectivo
563 _aRústico
650 7 _aLiderazgo cristiano
_2embne
_97271
942 _cBK
945 _aJTF-925
999 _c35860
_d35860